Audiocassettes to accompany Quest : Listening and speaking in the academic world
Building in difficulty, lecture topics address a wide variety of subjects in order to describe and demonstrate English language listening and speaking skills within an academic context; features a group of college students in a variety of different situations.
Wedi'i Gadw mewn:
| Prif Awdur: | |
|---|---|
| Fformat: | Llyfr |
| Iaith: | Undetermined |
| Cyhoeddwyd: |
New York
McGraw-Hill
2000
|
| Pynciau: | |
| Tagiau: |
Ychwanegu Tag
Dim Tagiau, Byddwch y cyntaf i dagio'r cofnod hwn!
|
| Thư viện lưu trữ: | Trung tâm Học liệu Trường Đại học Cần Thơ |
|---|
| LEADER | 00877nam a2200217Ia 4500 | ||
|---|---|---|---|
| 001 | CTU_238443 | ||
| 008 | 210402s9999 xx 000 0 und d | ||
| 082 | |a 428.34 | ||
| 082 | |b B644l/B.2 | ||
| 100 | |a Blass, Laurie | ||
| 245 | 0 | |a Audiocassettes to accompany Quest : | |
| 245 | 0 | |b Listening and speaking in the academic world | |
| 245 | 0 | |c Laurie Blass | |
| 260 | |a New York | ||
| 260 | |b McGraw-Hill | ||
| 260 | |c 2000 | ||
| 520 | |a Building in difficulty, lecture topics address a wide variety of subjects in order to describe and demonstrate English language listening and speaking skills within an academic context; features a group of college students in a variety of different situations. | ||
| 650 | |a English language,Tiếng Anh | ||
| 650 | |x Spoken English,Nói tiếng Anh | ||
| 910 | |b nthai | ||
| 980 | |a Trung tâm Học liệu Trường Đại học Cần Thơ | ||